00453nam a2200193Ia 4500008004100000020001800041050001400059100001800073245002100091245001900112245002900131260001500160260001600175260000900191300001400200300002700214300001000241500000800251170918s9999 xx 000 0 und d a9780545243254 bR456 2009 aRey, Margaret aCurious George : bplats a tree / cby margaret & H. A. Rey. aNew York : bScholastic, c2009 aunpaged : bcolored illustration ; c20cm. a580